000 00422nam a2200169Ia 4500
008 230711s9999||||xx |||||||||||||| ||und||
020 _a978-93-325-1822-3
041 _aENG
082 _a658.4034
_bTA-O
100 _aTaha,Hamdy A
245 0 _aOperations research an introduction
250 _a9th . Ed.
260 _c2016
_aNew Delhi
_bPearson
300 _a816p.
650 _aUNIVESITY BUSNIESS SCHOOL
942 _cBK
999 _c5806
_d5806